| 000 | 00554nam a22001577a 4500 | ||
|---|---|---|---|
| 008 | 131219b xxu||||| |||| 00| 0 eng d | ||
| 020 | _a9652863459 | ||
| 050 | _aLC1091.M355 | ||
| 100 |
_aMaroshek-Klarman, Uki _96038 |
||
| 245 |
_aThere is no such thing as some democracy _bon educationg towards democracy and on democracy in the educational system / _cUki Maroshek |
||
| 260 |
_aJerusalem _bKinneret Publishing House _c1993 |
||
| 300 |
_a110p.; _c22cm. |
||
| 650 |
_aPolitical Education _96039 |
||
| 650 |
_aDemocracy _96040 |
||
| 942 |
_2lcc _cMONOGRAPH |
||
| 999 |
_c119376 _d119376 |
||